Safest Countries by GPI - 1 to 20 - Statistics

General Stats
  • This quiz has been taken 114 times
  • The average score is 14 of 20
Answer Stats
Rank Country % Correct
1 Iceland
92%
2 Denmark
90%
13 Finland
89%
10 Switzerland
89%
11 Canada
86%
9 Japan
86%
15 Germany
80%
4 New Zealand
80%
5 Austria
78%
3 Ireland
78%
7 Portugal
75%
16 Netherlands
73%
20 Belgium
69%
12 Czechia
61%
8 Slovakia
58%
6 Singapore
52%
14 Croatia
51%
18 Hungary
51%
19 Malaysia
26%
17 Bhutan
23%
No matching quizzes found
Score Distribution
Percent of People with Each Score
Percentile by Number Answered
Your Score History
You have not taken this quiz